Score 0/18 Timer 02:00
1 Play Today
Hint 5-Letter Word % Correct
Adjective for Gatsby or SantiniGREAT
94.4%
WelcomeGREET
92.2%
Less restrictedFREER
81.6%
“Mrs. Miniver” actress GarsonGREER
81.3%
Fast-food joint applianceFRYER
78.1%
React to a punGROAN
70.8%
ExpandedGROWN
70.3%
Cold-aged beerLAGER
66%
Hulled grain, or an old British coinGROAT
65.8%
Hint 5-Letter Word % Correct
Olympic sledderLUGER
64.8%
Sear meat in a skillet⋆ BROWN ⋆
63.9%
AtriumFOYER
59.7%
More coquettishCOYER
49.2%
Cuba’s leading export⋆ SUGAR ⋆
49%
Slang for a basketball playerCAGER
45.9%
Six-term Indiana senator Richard _____LUGAR
44.5%
One who deals with somethingCOPER
38.8%
AnticCAPER
38.3%

Today's Daily Dose

You're not logged in!

Compare scores with friends on all Sporcle quizzes.
OR
Log In

Sporcle TV

Today on Sporcle TV


Watch our educational content, quiz creation guides, and fun videos on Sporcle TV.

Show Comments

Extras

Top Quizzes Today


Score Distribution

Paid Content

Your Account Isn't Verified!

In order to create a playlist on Sporcle, you need to verify the email address you used during registration. Go to your Sporcle Settings to finish the process.

Report this User

Report this user for behavior that violates our Community Guidelines.

Details: